Top 5 European Leagues Top Clean Sheets: 2016/17 - Statistics

General Stats
  • This quiz has been taken 4 times
  • The average score is 16 of 27
Answer Stats
League Clean Sheets Club Nationality Player % Correct
Premier League 14 Manchester United Spain David de Gea
100%
Serie A 13 Juventus Italy Gianluigi Buffon
100%
Serie A 12 Milan Italy Gianluigi Donnarumma
100%
Premier League 15 Tottenham France Hugo Lloris
100%
La Liga 15 Atletico Madrid Slovenia Jan Oblak
100%
Bundesliga 11 Eintracht Frankfurt Finland Lukas Hradecky
100%
Bundesliga 14 Bayern Munich Germany Manuel Neuer
100%
La Liga 13 Barcelona Germany Marc-Andre ter Stegen
100%
Premier League 12 Arsenal Czechia Petr Cech
100%
Premier League 16 Chelsea Belgium Thibaut Courtois
100%
Bundesliga 10 Borussia Monchengladbech Switzerland Yann Sommer
100%
Ligue 1 16 PSG Germany Kevin Trapp
75%
Bundesliga 12 Hoffenheim Germany Oliver Baumann
75%
Serie A 12 Napoli Spain Pepe Reina
75%
Serie A 14 Roma Poland Wojciech Szczesny
75%
Ligue 1 13 Lyon Portugal Anthony Lopes
50%
Ligue 1 17 Monaco Croatia Danijel Subasic
50%
Premier League 14 Southampton England Fraser Forster
50%
Bundesliga 11 Hertha Berlin Norway Rune Jarstein
50%
La Liga 12 Villarreal Spain Sergio Asenjo
25%
Ligue 1 12 Rennes France Benoit Costil
0%
Serie A 12 Fiorentina Romania Ciprian Tatarusanu
0%
La Liga 11 Espanyol Spain Diego Lopez
0%
La Liga 11 Alaves Spain Fernando Pacheco
0%
Ligue 1 18 Marseille France John Pele
0%
La Liga 12 Sevilla Spain Sergio Rico
0%
Ligue 1 12 Nice France Yoan Cardinale
0%
No matching quizzes found
Score Distribution
Percent of People with Each Score
Percentile by Number Answered
Your Score History
You have not taken this quiz